| 000 | 00778nam a2200217 a 4500 | ||
|---|---|---|---|
| 005 | 20210223130608.0 | ||
| 008 | 080821s1983 mx r 000 0 spa d | ||
| 035 | _aUPN01000159405 | ||
| 049 | _aUNE | ||
| 080 | _a338 (910) =20 HOP No.132. | ||
| 100 | 1 | _aHopkins, David | |
| 245 | 1 | 0 |
_aUsing "Locally available" skills for rural development : _ban experience of an Indonesian village in Western Sumatra / _cby David Hopkins. |
| 260 |
_aParÃs : _bUNESCO ; _aNew York : _bUNICEF, _c1983. |
||
| 300 |
_a11 p. : _bil., retrs. |
||
| 440 | 0 |
_aNotes, comments... ; _v132 |
|
| 690 | _aParticipacion comunitaria - Aldeas - Indonesia | ||
| 690 | _aDesarrollo rural - Aldeas - Indonesia | ||
| 710 | 2 |
_aUNICEF _924085 |
|
| 710 | 2 | _aPrograma de Alimentación Mundial | |
| 905 | _aUNESCO | ||
| 999 |
_c131519 _d131519 |
||